00991cam a2200265 a 450000100060000000300080000600500170001400800410003102000150007202000220008703500190010904000270012804100080015508200260016310000290018924500410021825000120025926000770027130000340034850400660038265000200044885600870046885600950055585600750065035014BD-RjUL20211209052239.0140520s2001 enka b 001 0 eng  a0335204724 a0335204716 (pbk.) a(BD-RjUL)35108 aDLCcDLCdBD-RjULbeng aeng00a302.54221bGEH 20011 aGeen, Russell G.,d1932-10aHuman aggression /cRussell G. Geen. a2nd ed. aBuckingham [England] ;aPhildelphia, PA :bOpen University Press,c2001. axiv, 169 p. :bill. ;c25 cm. aIncludes bibliographical references (p. [148]-167) and index. 0aAggressiveness.423Publisher descriptionuhttp://www.loc.gov/catdir/description/mh051/2001021146.html423Contributor biographical informationuhttp://www.loc.gov/catdir/bios/mh051/2001021146.html413Table of contentsuhttp://www.loc.gov/catdir/toc/mh051/2001021146.html